| 000 | 01218cam a22002054a 4500 | ||
|---|---|---|---|
| 005 | 20250605163933.0 | ||
| 008 | 250528s ||||||||||||||||||||||||d | ||
| 035 | _a14756 | ||
| 020 | _a631163425 | ||
| 040 |
_aGR-AtMCL _bgre _dGR-AtMCL _eAACR2 |
||
| 245 | 1 | _aHeidegger / A Critical Reader | |
| 260 |
_bBlackwell, _c1993 |
||
| 300 | _a304 | ||
| 520 | _aAn array of accessible entry points into Heidegger's sometimes impenetrable ''paths of thought''. Contributors, Introduction, Dasein's Discloseness, Heidegger's Categories in Being and Time, The Familiar and the Strange: On the Limits of Praxis in the Early Heidegger, Early Heidegger on Being and the Clearing and Realism, Existential Temporality in Being and Time, History and Commitment in the Early Heidegger, The Truth of Being and the History of Philosophy, Attunement and Thinking, Heidegger's History of the Being of Equipment, The Heidegger Controversy from a German Perspective, Contingency and Pragmatism, Who is Heidegger's Nietzsche?, Heidegger and Language and Ecology, Derrida and Heidegger: Iterability and Ereignis, Index. | ||
| 700 | 1 |
_aDreyfus Hubert _9511 |
|
| 700 | 1 |
_aHall Harrison _9512 |
|
| 942 | _cBK | ||
| 999 |
_c376 _d376 |
||